De la fiebre hipertérmica perniciosa de Manila / (Record no. 164835)

MARC details
000 -LEADER
campo de control de longitud fija 00853nam a22002175i 4500
001 - NÚMERO DE CONTROL
campo de control 164835
003 - IDENTIFICADOR DE NÚMERO DE CONTROL
campo de control ES-MaACL
005 - FECHA Y HORA DE LA ÚLTIMA TRANSACCIÓN
campo de control 20230906213021.0
008 - DATOS DE LONGITUD FIJA--INFORMACIÓN GENERAL
campo de control de longitud fija 010607s1891 sp |||| | spa d
040 ## - FUENTE DE CATALOGACIÓN
Centro catalogador/agencia de origen CCPB | B
Lengua de catalogación spa
Centro/agencia transcriptor CCPB | B
100 1# - ENTRADA PRINCIPAL--NOMBRE DE PERSONA
Nombre de persona Saura y Coronas, Pedro.
9 (RLIN) 132502
245 10 - MENCIÓN DEL TÍTULO
Título De la fiebre hipertérmica perniciosa de Manila /
Mención de responsabilidad, etc. por Pedro Saura y Coronas.
260 ## - PUBLICACIÓN, DISTRIBUCIÓN, ETC.
Lugar de publicación, distribución, etc. Madrid :
Nombre del editor, distribuidor, etc. [s.n.],
Fecha de publicación, distribución, etc. 1891 (
Fabricante establecimiento tipográfico de E. Jaramillo y Cª.)
300 ## - DESCRIPCIÓN FÍSICA
Extensión 65 p. ;
Dimensiones 23 cm.
490 1# - MENCIÓN DE SERIE
Mención de serie Biblioteca de la Revista de Sanidad Militar
650 #4 - PUNTO DE ACCESO ADICIONAL DE MATERIA--TÉRMINO DE MATERIA
Término de materia o nombre geográfico como elemento de entrada Fiebre-
Subdivisión geográfica Manila.
9 (RLIN) 155919
651 #4 - PUNTO DE ACCESO ADICIONAL DE MATERIA--NOMBRE GEOGRÁFICO
Nombre geográfico Filipinas-
Subdivisión general Enfermedades.
9 (RLIN) 137151
830 0# - PUNTO DE ACCESO ADICIONAL DE SERIE-TÍTULO UNIFORME
Título uniforme Biblioteca de la Revista de Sanidad Militar
9 (RLIN) 188621
852 ## - LOCALIZACIÓN
Ubicación ES-MaACL
Número de control de estantería T-527-F-3
Nota libre -- Enc. hol. conservando la cub. original
-- -- Enc. en un vol. facticio
Holdings
Estatus retirado Estado de pérdida Estado de daño No para préstamo Colección Biblioteca de origen Biblioteca actual Ubicación en estantería Fecha de adquisición Total de préstamos Signatura topográfica completa Código de barras Visto por última vez Precio de reemplazo Tipo de ítem Koha
        Colección de folletos Biblioteca del Ateneo de Madrid Biblioteca del Ateneo de Madrid Depósito folletos 17/01/2008   T-527-F-3 1172795 23/02/2023 23/02/2023 Folleto